000 00678nam a22002057a 4500
999 _c9162
_d9162
003 AR-CdUCM
008 190327b ||||| |||| 00| 0 spa d
040 _aMUNICIPALIDAD PROVINCIAL DEL CUSCO
_cBIBLIOTECA MUNICIPAL DEL CUSCO
082 _a512 /
_bF43
100 _aFerro Miranda, Joel
_925207
245 _aAlgebra elegante /
260 _aCusco :
_bEdit. Atlas,
_c2016.
300 _a134 paginas ;
_c20 cm.
505 _aContenido :Teoría de exponentes --Polinomios --Operaciones con polinomios --Factorización /
650 _aÁlgebra
_919778
650 _aEstudio y enseñanza
_92610
650 _aProblemas, ejercicios
_919962
942 _2ddc
_cLIBROS
945 _arjall